1150 1565 1054 1569 1487 1225 1505 1470 1003 1072 1052 1613 1537 1439 1274 1804 1376 1521 1186 1407 1288 1385 1498 1281 1452 1881 1558 1948 1807 1331 1981 1507 1505 1787 1117 1363 1826 1198 1603 1825 1835 1560 1197 1487 1895 1085 1954 1231 1619 1149 1210 1142 1261 1358 1821 1920 1889 1047 1988 1090 1352 1758 1767 1765 1006 1123 1428 1253 1607 1553 1795 1083 1953 1769 1664 1824 1034 1323 1571 1187 1002 1795 1577 1118 1660 1611 1145 1137 1825 1038 1766 1506 1444 1601 1916 1593 1099 1348 1436 BCNSPRNW ULIB Ver.6.0+V

เปลี่ยนเป็นภาษาไทย

Change to English
 แสดงรายละเอียดบรรณานุกรม
  กลับหน้าหลัก

Brief Record : Get Marc (ISO 2709) : E-mail record : QR code < ปิดหน้าต่าง
LEADER : 00000nam 2200000uu 4500
001    13399108310
003     ULIB
008    110228s2552||||th 000 0 tha d
020    9789745925731
060 04 WY152^bว343ก 2552
100 0  วลัยพร นันท์ศุภวัฒน์
245 10 การพยาบาลผู้สูงอายุ :^bความท้าทายกับภาวะประชากรสูงอายุ /^cวลัยพร นันท์ศุภวัฒน์
250    พิมพ์ครั้งที่ 2
260    มหาสารคาม :^bโครงการตำราทางการพยาบาล คณะพยาบาลศาสตร์มหาวิทยาลัยมหาสารคาม,^c2552
300    [14], 335 หน้า :^bภาพประกอบ ;^c26 ซม.
650  7 การพยาบาลผู้สูงอายุ
650  7 ผู้สูงอายุ^xการดูแล
650  7 วัยชรา^xการพยาบาล
650  7 เวชศาสตร์ผู้สูงอายุ
710 2  มหาวิทยาลัยมหาสารคาม. ^bคณะพยาบาลศาสตร์
945    ^p250^l0^i025456
945    ^p250^l0^i025457
945    ^p250^l0^i025458
945    ^p250^l0^i025459
945    ^p250^l0^i025460
945    ^p250^l0^i025461
945    ^p250^l0^i025889
945    ^p250^l0^i025890
945    ^p250^l0^i026203
945    ^p250^l0^i026204
945    ^p250^l0^i026205
995    ทศพร
999 ^a ใช้งานได้ทุกระบบ
รายการนี้ยังไม่มีแท็ก
คุณยังไม่ได้ล็อกอิน คุณสามารถมีกิจกรรมร่วมกับเว็บไซต์ได้ แต่ต้องล็อกอินก่อน ::
  ล็อกอิน

รายการสื่อสารสนเทศ

ลำดับที่ ประเภท เลขเรียก/บาร์โค้ด สถานที่ สถานะ
- ไม่พบข้อมูล -

รายการใกล้เคียง
    ผู้แต่ง [วลัยพร นันท์ศุภวัฒน์]

    หัวเรื่อง [การพยาบาลผู้สูงอายุ]
    หัวเรื่อง [ผู้สูงอายุ การดูแล]
    หัวเรื่อง [เวชศาสตร์ผู้สูงอายุ]

BibComment


ยังไม่เคยถูกคอมเมนท์

คอมเมนท์ทรัพยากรรายการนี้
  คอมเมนท์: การพยาบาลผู้สูงอา..


 Copyright 2026. Bcnsprnw @Library